书目信息 |
| 题名: |
应用泛函分析
|
|
| 作者: | 葛显良 编著 | |
| 分册: | ||
| 出版信息: | 杭州 浙江大学出版社 1996.10 |
|
| 页数: | 207页 | |
| 开本: | 32开 | |
| 丛书名: | ||
| 单 册: | ||
| 中图分类: | O177 | |
| 科图分类: | ||
| 主题词: | 数学分析 | |
| 电子资源: | ||
| ISBN: | 7-308-01833-4 | |
| 000 | 00542nam0 2200193 45 | |
| 001 | 0010031640 | |
| 005 | 20001003164636.6 | |
| 010 | @a7-308-01833-4@d7.50元 | |
| 100 | @a20001003d1996 km y0chiy0120 ea | |
| 101 | 0 | @achi |
| 105 | @a z 000yy | |
| 200 | 1 | @a应用泛函分析@AYing Yong Fan Han Fen Xi@f葛显良编著@FGe Xian Liang Bian Zhu |
| 210 | @a杭州@c浙江大学出版社@d1996.10 | |
| 215 | @a207页@d32开 | |
| 606 | 0 | @a数学分析 |
| 690 | @aO177@v3 | |
| 701 | 0 | @a葛显良@4编著 |
| 801 | @aCN@bPftUser@c20001003 | |
| 905 | @b169986-990@dO177@eG464@f5 | |
| 应用泛函分析/葛显良编著.-杭州:浙江大学出版社,1996.10 |
| 207页;32开 |
| ISBN 7-308-01833-4:7.50元 |
| ● |
| 相关链接 |
|
|
|
正题名:应用泛函分析
索取号:O177/G464
 
预约/预借
| 序号 | 登录号 | 条形码 | 馆藏地/架位号 | 状态 | 备注 |
| 1 | 169986 | 201699867 | 自科二线504/504自科库 48排2列6层/ [索取号:O177/G464] | 在馆 | |
| 2 | 169987 | 201699876 | 自科二线504/504自科库 48排2列6层/ [索取号:O177/G464] | 在馆 | |
| 3 | 169988 | 201699885 | 自科二线504/504自科库 48排2列6层/ [索取号:O177/G464] | 在馆 | |
| 4 | 169989 | 201699894 | 自科二线504/504自科库 48排2列6层/ [索取号:O177/G464] | 在馆 | |
| 5 | 169990 | 201699901 | 自科二线504/504自科库 48排2列6层/ [索取号:O177/G464] | 在馆 |